New Approaches for the synthesis of arylhydrazone and heteroarylhydrazo derivatives and their uses for the synthesis of heterocyclic derivatives / (رقم التسجيلة. 177348)

تفاصيل مارك
000 -LEADER
fixed length control field 01492namaa22003131i 4500
005 - أخر تعامل مع التسجيلة
control field 20260307104724.0
008 - FIXED-LENGTH DATA ELEMENTS--GENERAL INFORMATION
fixed length control field 260104s1997 ua a|||frm||| 000 0 eng d
040 ## - CATALOGING SOURCE
Original cataloguing agency EG-GICUC
Language of cataloging eng
Transcribing agency EG-GICUC
Modifying agency EG-GICUC
Description conventions rda
041 0# - LANGUAGE CODE
Language code of text/sound track or separate title eng
Language code of summary or abstract eng
-- ara
049 ## - Acquisition Source
Acquisition Source Deposit
097 ## - Degree
Degree Ph.D
099 ## - LOCAL FREE-TEXT CALL NUMBER (OCLC)
Local Call Number Cai01.12.07.Ph.D.1997.Sa.N
100 0# - MAIN ENTRY--PERSONAL NAME
Authority record control number or standard number Samia Sayed Osman Ibrahim,
Preparation preparation.
245 10 - TITLE STATEMENT
Title New Approaches for the synthesis of arylhydrazone and heteroarylhydrazo derivatives and their uses for the synthesis of heterocyclic derivatives /
Statement of responsibility, etc. By Samia Sayed Osman Ibrahim ; Supervisors Prof. Dr. Rafat. M. Mohareb, Prof. Dr. Adiba Habashi
246 15 - VARYING FORM OF TITLE
Title proper/short title طرق متبكرة لتحضير مشتقات الاريل هيدرازون والاريل هيدرازون الحلقية غير المتجانسة واستخداماتها لتحضير المشتقات الحلقية غير المتجانسة
264 #0 - PRODUCTION, PUBLICATION, DISTRIBUTION, MANUFACTURE, AND COPYRIGHT NOTICE
Date of production, publication, distribution, manufacture, or copyright notice 1997.
300 ## - PHYSICAL DESCRIPTION
Extent 184 Leaves :
Other physical details illustrations
Dimensions 30 cm. +
336 ## - CONTENT TYPE
Source rda content
Content type term text
337 ## - MEDIA TYPE
Source rdamedia
Media type term Unmediated
338 ## - CARRIER TYPE
Source rdacarrier
Carrier type term volume
502 ## - DISSERTATION NOTE
Dissertation note Thesis (Ph.D)-Cairo University, 1997.
504 ## - BIBLIOGRAPHY, ETC. NOTE
Bibliography, etc. note Bibliography: pages 164-184
653 #0 - INDEX TERM--UNCONTROLLED
Uncontrolled term synthesis of arylhydrazone
700 0# - ADDED ENTRY--PERSONAL NAME
Personal name Rafat. M. Mohareb
Relator term thesis advisor.
700 0# - ADDED ENTRY--PERSONAL NAME
Personal name Adiba Habashi
Relator term thesis advisor.
900 ## - Thesis Information
Department Department of Chemistry
Faculties Faculty of Science
Universities Cairo University
Grant date 1997
Supervisory body Rafat. M. Mohareb
-- Adiba Habashi
905 ## - Cataloger and Reviser Names
Cataloger Name Nehad
Reviser Names Nourhan
942 ## - ADDED ENTRY ELEMENTS (KOHA)
Source of classification or shelving scheme Dewey Decimal Classification
Koha item type Thesis
Edition 21
Suppress in OPAC No
المقتنيات
Source of classification or shelving scheme Home library Current library Date acquired Inventory number Full call number Barcode Date last seen Effective from Koha item type
Dewey Decimal Classification المكتبة المركزبة الجديدة - جامعة القاهرة مكتبة المئوية 04.01.2026 30765 Cai01.12.07.Ph.D.1997.Sa.N 01010110030765000 04.01.2026 04.01.2026 Thesis
Cairo University Libraries Portal Implemented & Customized by: Eng. M. Mohamady Contacts: new-lib@cl.cu.edu.eg | cnul@cl.cu.edu.eg
CUCL logo CNUL logo
© All rights reserved — Cairo University Libraries
CUCL logo
Implemented & Customized by: Eng. M. Mohamady Contact: new-lib@cl.cu.edu.eg © All rights reserved — New Central Library
CNUL logo
Implemented & Customized by: Eng. M. Mohamady Contact: cnul@cl.cu.edu.eg © All rights reserved — Cairo National University Library